000 00288nam a22001337a 4500
008 180918b xxu||||| |||| 00| 0 eng d
020 _a9780781737333
041 _aeng
080 _a610.73
100 _a2
101 _aINF
245 _aNursing Research
_cPolit, D.F
942 _2udc
_cBK
999 _c47905
_d47905